| 000 | 01552nam a2200469 c 4500 | ||
|---|---|---|---|
| 001 | 53175 | ||
| 003 | ES-MaCES | ||
| 005 | 20250203133028.0 | ||
| 007 | cr ||||||||||| | ||
| 008 | 240508s2023 sp 000 ||spa d | ||
| 017 |
_aNA 2357-2023 _bDL |
||
| 020 | _a9788411625173 | ||
| 020 | _a 9788411625180 (electrónico) | ||
| 040 |
_aES-MaCES _bspa _cES-MaCES |
||
| 100 | 1 |
_941046 _aRomero García-Aranda, Carmen |
|
| 245 | 1 | 0 |
_aMujer trabajadora en la Unión Europea _b: pasado y presente _cCarmen Romero García-Aranda |
| 250 | _a1ª ed | ||
| 260 |
_aCizur Menor (Navarra) _bAranzadi _c2023 |
||
| 300 |
_a326 p. _c24 cm |
||
| 490 | 1 | _aEstudios | |
| 500 | _aPublicación en formato DÚO (papel + libro ectrónico) | ||
| 504 | _aBibliografía: p. 295-326 | ||
| 541 | _cCompra | ||
| 650 | 0 | 4 |
_amujeres _928657 |
| 650 | 0 | 4 |
_atrabajadora _928413 |
| 650 | 0 | 4 |
_acondiciones de trabajo _928327 |
| 650 | 0 | 4 |
_adiscriminación por razones de sexo _929521 |
| 650 | 0 | 4 |
_adiferencia del salario _929458 |
| 650 | 0 | 4 |
_aigualdad de oportunidades en el empleo _930649 |
| 650 | 0 | 4 |
_aigualdad de remuneración _927184 |
| 650 | 0 | 4 |
_aigualdad de trato _930147 |
| 650 | 0 | 4 |
_anegociación colectiva _928362 |
| 650 | 0 | 4 |
_apolítica social _927029 |
| 650 | 0 | 4 |
_apolítica de empleo _928300 |
| 650 | 0 | 4 |
_aderecho comunitario _929866 |
| 650 | 0 | 4 |
_aUE _926752 |
| 653 | 1 | 0 | _aMujer |
| 830 | 0 |
_aEstudios (Aranzadi) _940884 |
|
| 856 | 4 |
_uhttps://miespacio.aranzadilaley.es/Account/Login _yARANZADI |
|
| 902 | _aLIB Libro | ||
| 942 |
_2CES _cBK _h3.3. |
||
| 999 |
_c53175 _d53175 |
||